[Event "ARG-ch sf U1700/2200"]
[Site "Laguna Paiva"]
[Date "2018.08.19"]
[Round "5"]
[White "Jesse, Jose"]
[Black "Decoppet, Nestor"]
[Result "1-0"]
[WhiteElo "1790"]
[BlackElo "1796"]
[PlyCount "34"]
[EventDate "2018.08.18"]
[EventType "swiss"]
[EventRounds "6"]
[EventCountry "ARG"]
[SourceTitle "EXT 2019"]
[Source "ChessBase"]
[SourceDate "2018.10.10"]
[SourceVersion "1"]
[SourceVersionDate "2018.10.10"]
[SourceQuality "1"]

1. e4 e6 2. d4 d5 3. Nd2 Nc6 4. Ngf3 Nf6 5. exd5 exd5 6. c3 Bd6 7. Bd3 Ne7 8. Nf1 Bf5 9. Ng3 Bxd3 10. Qxd3 c6 11. Bg5 Ng6 12. Nh5 0-0 13. Nxf6+ gxf6 14. Be3 Re8 15. 0-0 Qb6 16. Bd2 Re6 17. h3 Qa5 1-0

[Event "Rosario Bandera Memorial"]
[Site "Rosario"]
[Date "2017.06.18"]
[Round "4"]
[White "Jesse, Jose"]
[Black "Luna, Juan"]
[Result "1-0"]
[WhiteElo "1750"]
[BlackElo "1556"]
[PlyCount "71"]
[EventDate "2017.06.17"]
[EventType "swiss"]
[EventRounds "7"]
[EventCountry "ARG"]
[SourceTitle "CBM 179 Extra"]
[Source "ChessBase"]
[SourceDate "2017.08.23"]
[SourceVersion "1"]
[SourceVersionDate "2017.08.23"]
[SourceQuality "1"]

1. e4 e5 2. Nf3 Nc6 3. Bc4 Nf6 4. Ng5 d5 5. exd5 Na5 6. Bb5+ c6 7. dxc6 bxc6 8. Bd3 h6 9. Ne4 Nxe4 10. Bxe4 Qh4 11. Qf3 Rb8 12. 0-0 Bd7 13. c3 c5 14. Bd5 Qf6 15. Qxf6 gxf6 16. Re1 Bd6 17. b3 Nc6 18. Ba3 Ke7 19. f4 Nd8 20. fxe5 fxe5 21. d4 cxd4 22. cxd4 Bxa3 23. Nxa3 Bc6 24. Rxe5+ Kd7 25. Rae1 Bxd5 26. Rxd5+ Kc6 27. Rc5+ Kd6 28. Nc4+ Kd7 29. Ne5+ Kd6 30. Rf1 Rf8 31. Rf6+ Ne6 32. Ra5 Ke7 33. Rxh6 Nxd4 34. Rxa7+ Ke8 35. Rf6 Ne6 36. Nc6 1-0

[Event "Pan American-ch U2000"]
[Site "Carilo Village"]
[Date "2016.10.27"]
[Round "5"]
[White "Jesse, Jose"]
[Black "Sandoval, Julio Cesar"]
[Result "1-0"]
[WhiteElo "1775"]
[BlackElo "1853"]
[PlyCount "85"]
[EventDate "2016.10.25"]
[EventType "swiss"]
[EventRounds "9"]
[EventCountry "ARG"]
[SourceTitle "EXT 2022"]
[Source "ChessBase"]
[SourceDate "2021.10.06"]
[SourceVersion "1"]
[SourceVersionDate "2021.10.06"]
[SourceQuality "1"]

1. e4 e5 2. Nf3 f5 3. Bc4 d6 4. d3 Be7 5. Nc3 c6 6. a4 Nf6 7. Qe2 fxe4 8. dxe4 Bg4 9. Qd3 Bxf3 10. Qxf3 Nbd7 11. 0-0 Qc7 12. b4 Rf8 13. Qe2 Nb6 14. Be6 d5 15. a5 Nbd7 16. exd5 Bxb4 17. dxc6 bxc6 18. Qc4 Bxa5 19. Ba3 Bxc3 20. Qxc3 c5 21. Rfe1 Ke7 22. Qh3 Rad8 23. Bb2 Rde8 24. Rad1 Rb8 25. Bb3 Rb6 26. Qf5 Rd8 27. Bc3 Rd6 28. Ra1 Kf8 29. Ba5 Nb6 30. g4 g6 31. Qg5 Kg7 32. Bc3 Nbd7 33. Ba4 Nd5 34. Bxe5+ Nxe5 35. Qxe5+ Kg8 36. Rad1 Qg7 37. Rxd5 Qxe5 38. Rdxe5 Kf8 39. Re8+ Rxe8 40. Rxe8+ Kf7 41. Rc8 Rd4 42. Bb3+ Kf6 43. h3 1-0

[Event "ARG-ch sf U2300 Independencia"]
[Site "San Luis"]
[Date "2016.07.09"]
[Round "7.14"]
[White "Jesse, Jose"]
[Black "Slipoi, Fernando"]
[Result "1/2-1/2"]
[WhiteElo "1782"]
[BlackElo "1754"]
[PlyCount "126"]
[EventDate "2016.07.08"]
[EventType "swiss"]
[EventRounds "7"]
[EventCountry "ARG"]
[SourceTitle "EXT 2024"]
[Source "ChessBase"]
[SourceDate "2023.10.10"]
[SourceVersion "1"]
[SourceVersionDate "2023.10.10"]
[SourceQuality "1"]

1. e4 c6 2. d3 d5 3. Nd2 e5 4. Ngf3 Nd7 5. d4 dxe4 6. Nxe4 Qc7 7. Bc4 f6 8. 0-0 Nb6 9. Bb3 Bf5 10. Ng3 Bd7 11. dxe5 0-0-0 12. e6 Be8 13. Qe2 Bd6 14. Nf5 Ne7 15. Nxd6+ Qxd6 16. Be3 Ned5 17. Bxb6 axb6 18. Rfd1 Qe7 19. Nd4 Bg6 20. a4 Rhe8 21. a5 bxa5 22. Rxa5 Qb4 23. Ra4 Qb6 24. Bxd5 Rxd5 25. Ra8+ Kc7 26. Rxe8 Bxe8 27. Qg4 Qxb2 28. Qxg7+ Kb6 29. Qxf6 Qxc2 30. Rf1 Qg6 31. Qxg6 Bxg6 32. Nf3 Kc7 33. h3 Kd6 34. Re1 Ke7 35. Nh4 b5 36. f4 b4 37. g4 Be8 38. f5 h6 39. Kf2 Rd3 40. Nf3 c5 41. Rc1 Rd5 42. Ke3 Bc6 43. h4 b3 44. Nd2 h5 45. Nxb3 hxg4 46. Kf4 g3 47. Nxc5 g2 48. Nb3 Bb5 49. Rg1 Bf1 50. h5 Kf6 51. h6 Rxf5+ 52. Kg4 Rg5+ 53. Kh4 Kg6 54. Nd2 Rh5+ 55. Kg3 Rg5+ 56. Kh4 Rh5+ 57. Kg3 Rg5+ 58. Kf4 Rf5+ 59. Ke4 Kf6 60. h7 Rh5 61. h8Q+ Rxh8 62. Nxf1 gxf1Q 63. Rxf1+ Kxe6 1/2-1/2

[Event "Santa Fe IRT Club Espanol B"]
[Site "Santa Fe"]
[Date "2015.12.19"]
[Round "5.4"]
[White "Mizzau, Pablo"]
[Black "Jesse, Jose"]
[Result "1-0"]
[WhiteElo "1731"]
[BlackElo "1922"]
[PlyCount "69"]
[EventDate "2015.12.16"]
[EventType "tourn"]
[EventRounds "7"]
[EventCountry "ARG"]
[SourceTitle "EXT 2024"]
[Source "ChessBase"]
[SourceDate "2023.10.10"]
[SourceVersion "1"]
[SourceVersionDate "2023.10.10"]
[SourceQuality "1"]

1. e4 d5 2. exd5 Qxd5 3. Nc3 Qa5 4. Bc4 Nf6 5. d3 c6 6. h3 Bf5 7. Qe2 h6 8. f4 e6 9. Nf3 Be7 10. Bd2 Nbd7 11. Nd5 Qd8 12. Nxe7 Qxe7 13. Ne5 h5 14. g3 Nd5 15. Bb3 Nc5 16. Bxd5 cxd5 17. Bb4 Qc7 18. Bxc5 Qxc5 19. 0-0-0 Qe7 20. g4 Bh7 21. Qf2 0-0 22. gxh5 Bf5 23. Rdg1 Kh7 24. Rg3 Rac8 25. Rhg1 Rg8 26. Qd4 f6 27. Ng6 Qc5 28. Qxc5 Rxc5 29. Ne7 Rh8 30. Rxg7+ Kh6 31. Ng8+ Kxh5 32. Nxf6+ Kh4 33. Kd2 Rb5 34. b3 Kxh3 35. Rh1# 1-0